[Event "EU-chT Seniors 65"]
[Site "Swidnica"]
[Date "2023.07.12"]
[Round "1.1"]
[White "Krupa, Krzysztof"]
[Black "Stebbings, Anthony"]
[Result "1/2-1/2"]
[WhiteElo "1893"]
[BlackElo "2276"]
[PlyCount "74"]
[EventDate "2023.07.12"]
[EventType "team-swiss"]
[EventRounds "9"]
[EventCountry "POL"]
[SourceTitle "CBM 215 Extra"]
[Source "ChessBase"]
[SourceDate "2023.09.30"]
[SourceVersion "1"]
[SourceVersionDate "2023.09.30"]
[SourceQuality "1"]
[WhiteTeam "Lower Silesia 65"]
[BlackTeam "England 65"]
[WhiteTeamCountry "POL"]
[BlackTeamCountry "ENG"]

1. e4 c5 2. d4 cxd4 3. c3 dxc3 4. Nxc3 e6 5. Nf3 a6 6. Bc4 Ne7 7. 0-0 Ng6 8. Qe2 Nc6 9. Rd1 Be7 10. Bb3 0-0 11. g3 b5 12. h4 Qc7 13. h5 Nge5 14. Bf4 d6 15. Rac1 Qb6 16. Be3 Qb8 17. Nd4 Na5 18. f4 Nec4 19. Bf2 Bd7 20. f5 Nxb3 21. axb3 Ne5 22. Nf3 Qb7 23. Bd4 f6 24. Nh4 Bd8 25. Bxe5 dxe5 26. fxe6 Bb6+ 27. Kh2 Bxe6 28. Nd5 Rfd8 29. Qf3 Rac8 30. Nf5 Rxc1 31. Rxc1 h6 32. Rc6 Bxd5 33. exd5 Kh7 34. Qg4 Rxd5 35. Qg6+ Kh8 36. Rc8+ Bd8 37. Qe8+ Kh7 1/2-1/2

[Event "Litomysl op 13th"]
[Site "Litomysl"]
[Date "2011.12.26"]
[Round "1"]
[White "Bulski, Krzysztof"]
[Black "Krupa, Krzysztof"]
[Result "1-0"]
[WhiteElo "2519"]
[BlackElo "2025"]
[PlyCount "75"]
[EventDate "2011.12.26"]
[EventType "swiss"]
[EventRounds "9"]
[EventCountry "CZE"]
[SourceTitle "CBM 146 Extra"]
[Source "ChessBase"]
[SourceDate "2012.02.29"]
[SourceVersion "1"]
[SourceVersionDate "2012.02.29"]
[SourceQuality "1"]

1. d4 Nf6 2. c4 c5 3. Nf3 cxd4 4. Nxd4 Nc6 5. Nc3 g6 6. e4 Bg7 7. Nc2 0-0 8. Be2 d6 9. 0-0 Be6 10. f4 Rc8 11. Rb1 a5 12. Kh1 Nb4 13. Ne3 b5 14. a3 Na6 15. cxb5 Nc5 16. Bf3 Bb3 17. Qe2 Nfd7 18. Bd2 Bd4 19. Rbc1 Nb6 20. Bg4 e6 21. f5 Qh4 22. g3 Qe7 23. fxe6 fxe6 24. Bf3 Bxe3 25. Qxe3 Nc4 26. Qg5 Qxg5 27. Bxg5 Nd3 28. Ra1 Ncxb2 29. Ne2 Ne5 30. Bg2 Rxf1+ 31. Bxf1 Nf3 32. Rc1 Rb8 33. Bf6 Nd2 34. Bxb2 Nxe4 35. Nd4 Bd5 36. Kg1 e5 37. Nc6 Rf8 38. Ne7+ 1-0

[Event "Rewal op-A 16th"]
[Site "Rewal"]
[Date "2011.08.28"]
[Round "9"]
[White "Krupa, Krzysztof"]
[Black "Lapaj, Mateusz"]
[Result "1-0"]
[WhiteElo "2035"]
[BlackElo "2021"]
[PlyCount "111"]
[EventDate "2011.08.19"]
[EventType "swiss"]
[EventRounds "9"]
[EventCountry "POL"]
[SourceTitle "CBM 144 Extra"]
[Source "ChessBase"]
[SourceDate "2011.10.28"]
[SourceVersion "1"]
[SourceVersionDate "2011.10.28"]
[SourceQuality "1"]

1. e4 e6 2. d4 d5 3. Nc3 Bb4 4. e5 c5 5. Bd2 Ne7 6. a3 Bxc3 7. Bxc3 b6 8. b4 Qc7 9. Nf3 Nbc6 10. bxc5 bxc5 11. dxc5 Ng6 12. Bb5 Bd7 13. 0-0 0-0 14. Bxc6 Bxc6 15. h4 Ne7 16. Bd4 Rab8 17. Qd2 Bb5 18. Rfe1 Nc6 19. c3 Na5 20. Qg5 h6 21. Qh5 Bd3 22. Nh2 Nb3 23. Rad1 Bc2 24. Be3 Bg6 25. Qg4 Nxc5 26. Bxh6 gxh6 27. h5 Kh7 28. hxg6+ fxg6 29. Qh3 Qg7 30. Ng4 Rb3 31. Re3 Rxa3 32. Nf6+ Rxf6 33. exf6 Qxf6 34. Rf3 Qg7 35. Rb1 Ra6 36. Qg3 e5 37. Rb5 Rc6 38. Qh4 e4 39. Rh3 Rc7 40. Rb8 Nd7 41. Rd8 Nf6 42. Qf4 h5 43. g4 Rf7 44. Rd6 Qh6 45. Qe5 Qg7 46. Qe6 e3 47. g5 exf2+ 48. Kf1 Ne4 49. Rxd5 Nxg5 50. Rxg5 Rf6 51. Rhxh5+ gxh5 52. Rxg7+ Kxg7 53. Qe7+ Kg6 54. Qxa7 h4 55. c4 Kg5 56. Qg7+ 1-0

[Event "Olomouc op"]
[Site "Olomouc"]
[Date "2011.08.05"]
[Round "2"]
[White "Krupa, Krzysztof"]
[Black "Rjabzev, Konstantin"]
[Result "0-1"]
[WhiteElo "2035"]
[BlackElo "2271"]
[PlyCount "106"]
[EventDate "2011.08.04"]
[EventType "swiss"]
[EventRounds "9"]
[EventCountry "CZE"]
[SourceTitle "CBM 143 Extra"]
[Source "ChessBase"]
[SourceDate "2011.08.29"]
[SourceVersion "1"]
[SourceVersionDate "2011.08.29"]
[SourceQuality "1"]

1. e4 d6 2. d4 Nf6 3. Nc3 e5 4. Nf3 Nbd7 5. Bc4 Be7 6. 0-0 0-0 7. Re1 a6 8. a4 b6 9. Nd5 Bb7 10. dxe5 Nxe5 11. Bb3 Nxf3+ 12. Qxf3 Nxd5 13. exd5 a5 14. c3 Bf6 15. Bf4 Re8 16. Re4 Rxe4 17. Qxe4 Qe8 18. Re1 Qxe4 19. Rxe4 Kf8 20. f3 Re8 21. Rxe8+ Kxe8 22. Bc4 Ke7 23. Kf2 Be5 24. Ke3 Kf6 25. Ke4 Bxf4 26. Kxf4 Bc8 27. g4 g5+ 28. Ke4 Kg6 29. Bd3 f5+ 30. Ke3 Kf6 31. h3 Ke5 32. c4 h6 33. Bc2 Bd7 34. b3 Bc8 35. Bd1 Bb7 36. Bc2 f4+ 37. Kd3 c6 38. dxc6 Bxc6 39. Bd1 d5 40. Kc3 d4+ 41. Kd3 Be8 42. Kd2 Kd6 43. Bc2 Kc5 44. Be4 Kb4 45. Kc2 Ka3 46. Bd3 Bc6 47. Be2 Kb4 48. Bd1 Be8 49. Kd3 Kc5 50. Ke4 Bg6+ 51. Ke5 Bd3 52. Kf6 Kb4 53. Kg7 Kc3 0-1

[Event "Litomysl op 12th"]
[Site "Litomysl"]
[Date "2010.12.28"]
[Round "4"]
[White "Krupa, Krzysztof"]
[Black "Olsarova, Tereza"]
[Result "1/2-1/2"]
[WhiteElo "2031"]
[BlackElo "2185"]
[PlyCount "67"]
[EventDate "2010.12.26"]
[EventType "swiss"]
[EventRounds "9"]
[EventCountry "CZE"]
[SourceTitle "CBM 140 Extra"]
[Source "ChessBase"]
[SourceDate "2011.03.01"]
[SourceVersion "1"]
[SourceVersionDate "2011.03.01"]
[SourceQuality "1"]

1. e4 d6 2. d4 g6 3. Nc3 Bg7 4. Be3 c6 5. Qd2 Nd7 6. Nf3 b5 7. Rd1 a6 8. Be2 Bb7 9. 0-0 b4 10. Nb1 c5 11. dxc5 dxc5 12. c3 Ngf6 13. e5 Ne4 14. Qc2 bxc3 15. bxc3 Qc7 16. Bd3 f5 17. exf6 Ndxf6 18. Bc4 Ng4 19. Rfe1 Nef6 20. Qe2 Bxf3 21. Qxf3 Qxh2+ 22. Kf1 Nxe3+ 23. Rxe3 Qh1+ 24. Ke2 Qh5 25. Qxh5 Nxh5 26. g3 Bf6 27. Re6 a5 28. Na3 Kf8 29. Nb5 Kg7 30. Rc6 Rac8 31. Ra6 Rhd8 32. Rxd8 Rxd8 33. Rxa5 Bg5 34. Nc7 1/2-1/2

[Event "Rychnov op"]
[Site "Rychnov nad Kneznou"]
[Date "2010.08.26"]
[Round "4"]
[White "Humlicek, Vojtech"]
[Black "Krupa, Krzysztof"]
[Result "1/2-1/2"]
[WhiteElo "1885"]
[BlackElo "2061"]
[PlyCount "33"]
[EventDate "2010.08.23"]
[EventType "swiss"]
[EventRounds "7"]
[EventCountry "CZE"]
[SourceTitle "CBM 138 Extra"]
[Source "ChessBase"]
[SourceDate "2010.10.29"]
[SourceVersion "1"]
[SourceVersionDate "2010.10.29"]
[SourceQuality "1"]

1. e4 e5 2. Nf3 Nc6 3. Bb5 f5 4. Bxc6 dxc6 5. Nc3 Nf6 6. Qe2 fxe4 7. Nxe4 Bg4 8. 0-0 Qd5 9. d3 0-0-0 10. Bg5 Be7 11. Rfe1 h6 12. Bh4 Qe6 13. Ned2 Bd6 14. d4 g5 15. Bg3 e4 16. Nxe4 Bxg3 17. Nxg3 1/2-1/2

[Event "Litomysl op 10th"]
[Site "Litomysl"]
[Date "2008.12.26"]
[Round "1"]
[White "Krupa, Krzysztof"]
[Black "Sergeev, Vladimir"]
[Result "0-1"]
[WhiteElo "2106"]
[BlackElo "2519"]
[PlyCount "70"]
[EventDate "2008.12.26"]
[EventType "swiss"]
[EventRounds "9"]
[EventCountry "CZE"]
[SourceTitle "CBM 128 Extra"]
[Source "ChessBase"]
[SourceDate "2009.03.05"]
[SourceVersion "2"]
[SourceVersionDate "2009.03.25"]
[SourceQuality "1"]

1. e4 Nf6 2. e5 Nd5 3. Nc3 Nxc3 4. bxc3 d5 5. d4 c5 6. Bb5+ Bd7 7. Rb1 Bxb5 8. Rxb5 Qd7 9. a4 e6 10. Ba3 a6 11. Rb6 Qxa4 12. Qc1 Qa5 13. Qb2 cxd4 14. Bxf8 Kxf8 15. Ne2 dxc3 16. Qb1 Nd7 17. Rxb7 Ke7 18. 0-0 Rhb8 19. Nd4 Qc5 20. Rd1 Ke8 21. Nf3 h6 22. g4 a5 23. g5 hxg5 24. Rxb8+ Rxb8 25. Qc1 g4 26. Ng5 Rb4 27. Re1 Qd4 28. Re3 Qf4 29. h4 d4 30. Re1 Qxc1 31. Rxc1 Nxe5 32. Kg2 Ke7 33. Kg3 a4 34. Ne4 f5 35. Ng5 Nf7 0-1

[Event "Gdansk op"]
[Site "Gdansk"]
[Date "2008.07.26"]
[Round "8"]
[White "Krupa, Krzysztof"]
[Black "Cichocki, Adam"]
[Result "0-1"]
[WhiteElo "2089"]
[BlackElo "2320"]
[PlyCount "64"]
[EventDate "2008.07.19"]
[EventType "swiss"]
[EventRounds "9"]
[EventCountry "POL"]
[SourceTitle "EXT 2009"]
[Source "ChessBase"]
[SourceDate "2008.11.26"]
[SourceVersion "1"]
[SourceVersionDate "2008.11.26"]
[SourceQuality "1"]

1. e4 e6 2. d4 d5 3. Nd2 Nf6 4. e5 Nfd7 5. Bd3 c5 6. c3 Nc6 7. Ndf3 f6 8. exf6 Nxf6 9. Nh3 Bd6 10. 0-0 cxd4 11. cxd4 Qc7 12. Re1 0-0 13. Nhg5 h6 14. Nxe6 Bxe6 15. Rxe6 Ng4 16. Rg6 Bxh2+ 17. Kf1 h5 18. Bc2 Bf4 19. Rxg4 hxg4 20. Qd3 g5 21. Qg6+ Qg7 22. Qe6+ Rf7 23. Qxg4 Raf8 24. Bb3 Ne7 25. Qd7 g4 26. Bxf4 gxf3 27. Bg3 fxg2+ 28. Kg1 Qxd4 29. Rd1 Qe4 30. Qxb7 Rf5 31. Qxa7 Rh5 32. Bh2 Qh4 0-1

[Event "Polanica Zdroj op-A 43rd"]
[Site "Polanica Zdroj"]
[Date "2007.08.25"]
[Round "9"]
[White "Betkowski, Andrzej"]
[Black "Krupa, Krzysztof"]
[Result "0-1"]
[WhiteElo "2224"]
[BlackElo "2116"]
[PlyCount "104"]
[EventDate "2007.08.17"]
[EventType "swiss"]
[EventRounds "10"]
[EventCountry "POL"]
[SourceTitle "CBM 120 Extra"]
[Source "ChessBase"]
[SourceDate "2007.11.01"]
[SourceVersion "1"]
[SourceVersionDate "2007.11.01"]
[SourceQuality "1"]

1. d4 Nf6 2. Bg5 Ne4 3. Bf4 c5 4. d5 Qb6 5. Bc1 e6 6. f3 Qa5+ 7. c3 Nf6 8. e4 d6 9. Nd2 Qc7 10. c4 Be7 11. Ne2 exd5 12. exd5 b5 13. Ng3 0-0 14. b3 Nbd7 15. Be2 Ne5 16. 0-0 Re8 17. Bb2 Ng6 18. f4 bxc4 19. bxc4 Rb8 20. Bc3 Bd8 21. f5 Ne5 22. h3 Qe7 23. Qc2 Ned7 24. Nf3 Qe3+ 25. Kh2 Ne5 26. Nxe5 dxe5 27. Rae1 Bc7 28. Bd3 Qh6 29. Bd2 Qh4 30. Ne4 Nxe4 31. Bxe4 Qf6 32. Qc3 Ba6 33. Rc1 Rb6 34. Qg3 h6 35. Ba5 Rb7 36. Bd2 Rb2 37. Be3 Bd6 38. Rf2 Reb8 39. Qf3 R8b4 40. a3 R4b3 41. Rxb2 Rxb2 42. Qd1 Qh4 43. Qd3 g5 44. Rc2 Rb3 45. Qxb3 Qxe4 46. f6 g4 47. Bf2 Bc8 48. hxg4 Bxg4 49. Qa4 Qg6 50. Bg3 h5 51. Rb2 Qxf6 52. Qe8+ Kg7 0-1

[Event "Polanica Zdroj op-A 43rd"]
[Site "Polanica Zdroj"]
[Date "2007.08.24"]
[Round "8"]
[White "Krupa, Krzysztof"]
[Black "Wcislo, Damian"]
[Result "1-0"]
[WhiteElo "2116"]
[BlackElo "2099"]
[PlyCount "53"]
[EventDate "2007.08.17"]
[EventType "swiss"]
[EventRounds "10"]
[EventCountry "POL"]
[SourceTitle "CBM 120 Extra"]
[Source "ChessBase"]
[SourceDate "2007.11.01"]
[SourceVersion "1"]
[SourceVersionDate "2007.11.01"]
[SourceQuality "1"]

1. e4 c5 2. Nf3 Nc6 3. Bb5 e6 4. 0-0 Nge7 5. c3 a6 6. Bxc6 bxc6 7. e5 Ng6 8. Na3 f6 9. Nc4 fxe5 10. Nfxe5 Nxe5 11. Nxe5 Qf6 12. d4 cxd4 13. cxd4 Bd6 14. Nc4 Bc7 15. Qh5+ Qf7 16. Qc5 Rb8 17. a4 Qf8 18. Qh5+ g6 19. Qh4 d6 20. Ra3 Bd8 21. Qg3 Kd7 22. Rf3 Qe7 23. Bg5 Qxg5 24. Qxd6+ Ke8 25. Qxb8 Qd5 26. Nd6+ Kd7 27. Qxc8+ 1-0

[Event "Polanica Zdroj op-A 43rd"]
[Site "Polanica Zdroj"]
[Date "2007.08.21"]
[Round "5"]
[White "Krupa, Krzysztof"]
[Black "Kuciel, Wladyslaw"]
[Result "0-1"]
[WhiteElo "2116"]
[BlackElo "2162"]
[PlyCount "80"]
[EventDate "2007.08.17"]
[EventType "swiss"]
[EventRounds "10"]
[EventCountry "POL"]
[SourceTitle "CBM 120 Extra"]
[Source "ChessBase"]
[SourceDate "2007.11.01"]
[SourceVersion "1"]
[SourceVersionDate "2007.11.01"]
[SourceQuality "1"]

1. e4 c5 2. Nf3 e6 3. d4 cxd4 4. Nxd4 a6 5. Bd3 Nf6 6. 0-0 d6 7. Nc3 b5 8. a4 b4 9. Na2 e5 10. Ne2 Bb7 11. Ng3 Nc6 12. Bd2 d5 13. exd5 Qxd5 14. Re1 Be7 15. Ne4 Rd8 16. Qf3 Kf8 17. Bg5 Nd4 18. Qh3 Qc6 19. Bxf6 gxf6 20. Qh6+ Ke8 21. Qg7 Rf8 22. c3 Ne6 23. Qg3 Nf4 24. Bf1 f5 25. Ng5 f6 26. Nh3 Ne6 27. Nxb4 Bxb4 28. cxb4 Kf7 29. b5 Qb6 30. Qh4 Rg8 31. Qh5+ Rg6 32. a5 Qc7 33. Rec1 Qd6 34. Rd1 Nd4 35. Qxh7+ Rg7 36. Qh5+ Ke7 37. Qh6 Rdg8 38. Qe3 Rxg2+ 39. Bxg2 Bxg2 40. f4 Bxh3+ 0-1

[Event "Wroclaw-ch"]
[Site "Wroclaw"]
[Date "2003.??.??"]
[Round "8"]
[White "Bukowska, Katarzyna"]
[Black "Krupa, Krzysztof"]
[Result "0-1"]
[WhiteElo "2010"]
[BlackElo "2140"]
[PlyCount "112"]
[EventDate "2003.??.??"]
[EventType "swiss"]
[EventRounds "9"]
[EventCountry "POL"]
[SourceTitle "EXT 2007"]
[Source "ChessBase"]
[SourceDate "2006.11.23"]
[SourceVersion "1"]
[SourceVersionDate "2006.11.23"]
[SourceQuality "1"]

1. e4 c5 2. Nf3 Nc6 3. d4 cxd4 4. Nxd4 e5 5. Nb5 d6 6. c4 Be7 7. N1c3 a6 8. Na3 f5 9. exf5 Bxf5 10. Bd3 Be6 11. Nc2 Nf6 12. Ne3 0-0 13. 0-0 Nd4 14. Ne4 Qe8 15. Nxf6+ Bxf6 16. Be4 Qf7 17. Qd3 g6 18. Nd5 Bg7 19. Bg5 Rae8 20. f4 Bf5 21. Bxf5 gxf5 22. fxe5 dxe5 23. Rae1 Kh8 24. Be3 e4 25. Qd2 Nc6 26. Bh6 Ne5 27. Kh1 Nxc4 28. Bxg7+ Qxg7 29. Qc3 Qxc3 30. bxc3 b5 31. g4 Re5 32. Nf4 Kg8 33. gxf5 Rfxf5 34. Ne2 Nd2 35. Rxf5 Rxf5 36. Ng3 Rf2 37. Nxe4 Nxe4 38. Rxe4 Rxa2 39. Re7 a5 40. Ra7 a4 41. Kg1 Ra3 42. Rc7 Rb3 43. h4 a3 44. Kf2 Rb2+ 45. Ke3 Rh2 46. Ra7 Rh3+ 47. Kd2 a2 48. Kc2 Rxh4 49. Kb3 Ra4 50. Rxa4 bxa4+ 51. Kxa2 h5 52. Ka3 h4 53. Kxa4 h3 54. c4 h2 55. c5 h1Q 56. Kb5 Qb7+ 0-1

[Event "Wroclaw-ch"]
[Site "Wroclaw"]
[Date "2003.??.??"]
[Round "2"]
[White "Krupa, Krzysztof"]
[Black "Jasik, Krzysztof"]
[Result "1/2-1/2"]
[WhiteElo "2140"]
[BlackElo "2340"]
[PlyCount "120"]
[EventDate "2003.??.??"]
[EventType "swiss"]
[EventRounds "9"]
[EventCountry "POL"]
[SourceTitle "EXT 2007"]
[Source "ChessBase"]
[SourceDate "2006.11.23"]
[SourceVersion "1"]
[SourceVersionDate "2006.11.23"]
[SourceQuality "1"]

1. e4 c5 2. Nf3 Nc6 3. Bb5 d6 4. d4 cxd4 5. Qxd4 Bd7 6. Bxc6 Bxc6 7. Nc3 Nf6 8. Bg5 e6 9. 0-0-0 Be7 10. Rhe1 Qa5 11. Qd2 0-0 12. Kb1 Rfd8 13. Nd5 Qxd2 14. Nxe7+ Kf8 15. Rxd2 Kxe7 16. Nd4 h6 17. Bxf6+ Kxf6 18. f4 Be8 19. Red1 Rac8 20. b3 b5 21. Kb2 a6 22. Nf3 Ke7 23. e5 dxe5 24. Rxd8 Rxd8 25. Rxd8 Kxd8 26. Nxe5 f6 27. Nd3 Bc6 28. g3 a5 29. a4 bxa4 30. Nc5 Ke7 31. bxa4 Bd5 32. Kc3 Kd6 33. Nd3 e5 34. fxe5+ fxe5 35. Nb2 Bf7 36. h4 Kc5 37. g4 Ba2 38. Nd1 g6 39. Ne3 Bf7 40. h5 gxh5 41. gxh5 e4 42. Nf5 Be8 43. Nd4 Bf7 44. Nf5 Bxh5 45. Nxh6 Be8 46. Ng4 Bxa4 47. Ne3 Bb5 48. Nf5 Bc4 49. Ne3 Be6 50. Nf1 Kd5 51. Kb3 Bd7 52. c3 Bb5 53. Ne3+ Ke5 54. c4 Bc6 55. Kc3 Kf4 56. Nc2 Kg3 57. Nd4 Bd7 58. c5 e3 59. c6 Bc8 60. Kb3 Kf4 1/2-1/2

[Event "Olomouc Agentura 64 op"]
[Site "Olomouc"]
[Date "2000.08.10"]
[Round "9"]
[White "Krupa, Krzysztof"]
[Black "Mirumian, Vigen"]
[Result "0-1"]
[WhiteElo "2081"]
[BlackElo "2557"]
[PlyCount "58"]
[EventDate "2000.08.02"]
[EventType "swiss"]
[EventRounds "9"]
[EventCountry "CZE"]
[SourceTitle "EXT 2001"]
[Source "ChessBase"]
[SourceDate "2000.11.22"]
[SourceVersion "1"]
[SourceVersionDate "2000.11.22"]
[SourceQuality "1"]

1. e4 c5 2. Nf3 e6 3. d4 cxd4 4. Nxd4 Nf6 5. Nc3 d6 6. Bc4 a6 7. Bb3 b5 8. 0-0 Be7 9. Qf3 Qc7 10. Qg3 Nc6 11. Nxc6 Qxc6 12. Re1 Bb7 13. Bg5 0-0 14. Bh6 Ne8 15. Rad1 Rd8 16. Re3 Qc5 17. Qg4 Kh8 18. Bf4 Nf6 19. Qh3 b4 20. Na4 Qa5 21. c3 Bxe4 22. Rxe4 Nxe4 23. Rd4 d5 24. f3 bxc3 25. bxc3 Nxc3 26. Bc2 f5 27. Bd2 Bc5 28. Bxc3 Bxd4+ 29. Bxd4 Qe1# 0-1

[Event "Olomouc Agentura 64 op"]
[Site "Olomouc"]
[Date "2000.08.03"]
[Round "2"]
[White "Bazant, Petr Sr"]
[Black "Krupa, Krzysztof"]
[Result "1-0"]
[WhiteElo "2329"]
[BlackElo "2081"]
[PlyCount "73"]
[EventDate "2000.08.02"]
[EventType "swiss"]
[EventRounds "9"]
[EventCountry "CZE"]
[SourceTitle "EXT 2001"]
[Source "ChessBase"]
[SourceDate "2000.11.22"]
[SourceVersion "1"]
[SourceVersionDate "2000.11.22"]
[SourceQuality "1"]

1. d4 Nf6 2. c4 c5 3. d5 b5 4. cxb5 a6 5. bxa6 g6 6. g3 Bg7 7. Bg2 d6 8. Nf3 0-0 9. 0-0 Bxa6 10. Nc3 Nbd7 11. Qc2 Nb6 12. Rd1 Nfd7 13. h4 Nc4 14. h5 Qa5 15. hxg6 hxg6 16. Ng5 Rab8 17. Qe4 Nf6 18. Qh4 Nxb2 19. Bd2 Rfe8 20. Nce4 Qd8 21. Nxf7 Kxf7 22. Ng5+ Kg8 23. Ne6 Rb4 24. Bxb4 Qb6 25. Bc3 Nxd1 26. Qg5 Kh7 27. Rxd1 Bxe2 28. Re1 Bh6 29. Qh4 g5 30. Nxg5+ Kg6 31. Be4+ Nxe4 32. Qxe4+ Kxg5 33. Bd2+ Kf6 34. Bxh6 e5 35. Qxe2 Kg6 36. Qg4+ Kxh6 37. Kg2 1-0

[Event "Olomouc op"]
[Site "Olomouc"]
[Date "1998.??.??"]
[Round "8"]
[White "Gutdeutsch, Otto"]
[Black "Krupa, Krzysztof"]
[Result "1-0"]
[WhiteElo "2165"]
[BlackElo "2095"]
[PlyCount "83"]
[EventDate "1998.08.??"]
[EventType "swiss"]
[EventRounds "9"]
[EventCountry "CZE"]
[SourceTitle "EXT 1999"]
[Source "ChessBase"]
[SourceDate "1998.11.16"]
[SourceVersion "1"]
[SourceVersionDate "1998.11.16"]
[SourceQuality "1"]

1. e4 c5 2. Nf3 d6 3. d4 cxd4 4. Nxd4 Nf6 5. Bd3 a6 6. Nc3 e5 7. Nf3 h6 8. h3 Be6 9. Be3 Nc6 10. Nd2 b5 11. Ne2 d5 12. f4 Be7 13. f5 Bd7 14. Ng3 dxe4 15. Ndxe4 Nd5 16. Qf3 Nxe3 17. Qxe3 Bb4+ 18. c3 Be7 19. 0-0 Rb8 20. Nh5 Bg5 21. Qc5 Be7 22. Qf2 Bh4 23. Qc5 Be7 24. Qe3 Bg5 25. Nxg7+ Kf8 26. Nxg5 Qxg5 27. Qxg5 hxg5 28. f6 Rh6 29. Be4 Na5 30. Rad1 Bc6 31. Bxc6 Nxc6 32. Rd6 Rc8 33. Nf5 Rg6 34. Rfd1 Kg8 35. Rxc6 Rxc6 36. Ne7+ Kh7 37. Nxc6 Rxf6 38. Nxe5 Kg7 39. Rd7 Rf5 40. Rxf7+ Rxf7 41. Nxf7 Kxf7 42. Kf2 1-0